Labor in the Americas: surviving in a world of shifting boundaries /

Zapisane w:
Opis bibliograficzny
1. autor: Swanger, Joanna B
Format: Texto
Hasła przedmiotowe:
Etykiety: Dodaj etykietę
Nie ma etykietki, Dołącz pierwszą etykiete!

MARC

LEADER 00000 a a2200000 04500
001 9250
003
040
100 |a Swanger, Joanna B  
245 |a Labor in the Americas:  |b  surviving in a world of shifting boundaries /  |c Joanna B Swanger  
650 |a LEGISLACION DEL TRABAJO  
650 |a DESARROLLO ECONOMICO Y SOCIAL  
650 |a ANALISIS DE BENEFICIOS  
650 |a ANALISIS ECONOMETRICO  
650 |a MODELOS ECONOMICOS  
650 |a ANALISIS SOCIOLOGICO  
650 |a GENERO  
773 |g volumen 38, número 2; páginas 147-166  
999 |c 32214  |d 32214